000
00300nam a2200145Ia 4500
100
_a
Sadasivam/Sudha G
942
_c
BK
366
_f
25
245
_a
Distributed component architecture
260
_b
Wiley India
_c
2008
082
_a
5.1
_b
SAD
300
_a
416
546
_a
ENGLISH
999
_c
21946
_d
21946